Studies on the effect of some environmental factors on the development of helminthosporiose of rice / (Record no. 13391)
[ view plain ]
| 000 -LEADER | |
|---|---|
| fixed length control field | 00562nam a22001937a 4500 |
| 003 - CONTROL NUMBER IDENTIFIER | |
| control field | BD-DhSAU |
| 005 - DATE AND TIME OF LATEST TRANSACTION | |
| control field | 20170808100900.0 |
| 008 - FIXED-LENGTH DATA ELEMENTS--GENERAL INFORMATION | |
| fixed length control field | 160615b1962 bg ||||| |||| 001 0 eng d |
| 040 ## - CATALOGING SOURCE | |
| Original cataloging agency | BD-DhSAU |
| 082 ## - DEWEY DECIMAL CLASSIFICATION NUMBER | |
| Edition number | 22 |
| Classification number | 581 |
| 100 ## - MAIN ENTRY--PERSONAL NAME | |
| Personal name | Roll No.-30 |
| 245 ## - TITLE STATEMENT | |
| Title | Studies on the effect of some environmental factors on the development of helminthosporiose of rice / |
| Remainder of title | MS thesis |
| 500 ## - GENERAL NOTE | |
| General note | MS thesis of Department of Agricultural Botany |
| 590 ## - Name of Cataloguer | |
| Name of Cataloger | Md. Sirajul Islam |
| 650 ## - SUBJECT ADDED ENTRY--TOPICAL TERM | |
| Topical term or geographic name as entry element | Botany |
| 650 ## - SUBJECT ADDED ENTRY--TOPICAL TERM | |
| Topical term or geographic name as entry element | Rice |
| 650 ## - SUBJECT ADDED ENTRY--TOPICAL TERM | |
| Topical term or geographic name as entry element | Studies |
| 942 ## - ADDED ENTRY ELEMENTS (KOHA) | |
| Source of classification or shelving scheme | Dewey Decimal Classification |
| Koha item type | MS Level Thesis |
No items available.
